| 000 | 00000nam##2200000za#4500 |
| 001 | 9.606719 |
| 003 | CaOODSP |
| 005 | 20250129103523 |
| 007 | cr ||||||||||| |
| 008 | 150406|2007||||xxc|||||o f|0| 0 fre|d |
| 040 | |aCaOODSP|bfre |
| 043 | |an-cn--- |
| 086 | 1 |aEn57-41/13-2007F-PDF |
| 110 | 2 |aService météorologique du Canada. |
| 245 | 10|aLes Amériques : |h[ressource électronique]|brenforcement de la capacité d'adaptation aux changements environnementaux à l'échelle du globe / |cpar Adam Fenech, Heather Auld, Don MacIver, et James P. Bruce. |
| 260 | |aToronto - Ontario : |bEnvironnement Canada. |c2007. |
| 300 | |a16p.|bréférences |
| 490 | 1 |aPapier occasionnel|v13 |
| 500 | |a« Résumé du symposium international parrainé par l'Institut interaméricain de recherche sur les changements mondiaux ». |
| 590 | |a14-08-Supp|b2014-04-10 |
| 775 | 08|tThe Americas : |w(CaOODSP)9.573369 |
| 830 | #0|aPapier occasionnel ;|v13|w(CaOODSP)9.504138 |
| 856 | 40|ahttp://publications.gc.ca|qPDF|s144 Ko|uhttps://publications.gc.ca/collections/collection_2014/ec/En57-41-13-2007-fra.pdf|y13 |